000 00256nam a22000977a 4500
008 240219b |||||||| |||| 00| 0 eng d
082 _aC ALOS Ej.1
100 1 0 _aAlonso, Tereisa
_eautor
_943450
245 _aLos siete cabritos /
_cTereixa Alonso
942 _2ddc
999 _c30627
_d17011